[Event "5th stage Russia Cup, Ekaterinburg RUS"]
[Site "?"]
[Date "1997.??.??"]
[Round "?"]
[White "Tunik, G."]
[Black "Rashkovsky, N."]
[Result "0-1"]
[WhiteElo "2460"]
[BlackElo "2525"]
[PlyCount "104"]
[EventDate "1997.??.??"]
[Source "www.chesslib.no"]
[SourceDate "2004.05.04"]

1. d4 c5 2. d5 e5 3. e4 d6 4. c4 g6 5. Nc3 Bg7 6. Bd3 Nf6 7. Bg5 h6 8. Bd2 O-O 9. h3 a6 10. Nge2 Nbd7 11. Ng3 Nh7 12. Qc2 h5 13. a4 Bf6 14. a5 Bg5 15. Na4 b5 16. axb6 Bxd2+ 17. Qxd2 Nxb6 18. Nxb6 Qxb6 19. O-O Rb8 20. Rfb1 Qb4 21. Qe2 h4 22. Nf1 Nf6 23. Ne3 Nh5 24. Nc2 Nf4 25. Qf1 Qb3 26. Ra3 Qb6 27. b4 Bd7 28. Be2 cxb4 29. Rxb4 Qc5 30. Rab3 Rxb4 31. Rxb4 Ra8 32. Bf3 a5 33. Rb7 Be8 34. Ne3 a4 35. Qa1 Qc8 36. Rb1 Bd7 37. Qa3 Rb8 38. Rb4 Rxb4 39. Qxb4 Qc7 40. Bd1 Nd3 41. Qa3 Nc5 42. Bc2 Qa5 43. Nf1 Kf8 44. f3 Qe1 45. Qa2 Qc3 46. Bb1 Qc1 47. Kf2 a3 48. Nd2 Ba4 49. f4 exf4 50. Nf1 Bb3 51. Qa1 Nd3+ 52. Kg1 Ne5 0-1

[Event "3rd Autumn"]
[Site "Alushta"]
[Date "2004.09.13"]
[Round "6"]
[White "Nikitin, Andrey"]
[Black "Paragua, Mark"]
[Result "0-1"]
[WhiteElo "2452"]
[BlackElo "2529"]
[PlyCount "102"]
[EventDate "2004.09.10"]
[Source "Roberto Alvarez"]
[SourceDate "2004.10.05"]

1. d4 Nf6 2. c4 c5 3. dxc5 e6 4. Nf3 Bxc5 5. e3 O-O 6. Be2 b6 7. O-O Bb7 8. Nc3 d5 9. cxd5 Nxd5 10. Nxd5 Bxd5 11. Bd2 Nd7 12. Bc3 Nf6 13. Qa4 Ne4 14. Bd4 Bxd4 15. Qxd4 Rc8 16. Rac1 Qe7 17. Qa4 Rc5 18. Rxc5 Qxc5 19. Bd3 Nf6 20. Qd4 Qc6 21. Ne5 Qa8 22. g4 Rd8 23. Qf4 Qb7 24. g5 Nh5 25. Qh4 g6 26. Be2 Qc7 27. Ng4 Qc2 28. Nh6+ Kf8 29. Bxh5 gxh5 30. Qb4+ Ke8 31. Ng8 Qc5 32. Nf6+ Ke7 33. Qh4 Bf3 34. Nxh7 Qf5 35. Nf6 Rc8 36. e4 Qb5 37. Qf4 Qe2 38. Qe3 Qxe3 39. fxe3 Be2 40. Rf2 Rc2 41. Ng8+ Ke8 42. Nh6 Rxb2 43. Rxf7 Bd3 44. g6 Rb1+ 45. Kf2 Rf1+ 46. Kg2 Rxf7 47. gxf7+ Ke7 48. Kg3 b5 49. a3 a5 50. Kf2 b4 51. axb4 a4 0-1

[Event "Baguio (Philippines)"]
[Site "Baguio (Philippines)"]
[Date "1980.??.??"]
[Round "?"]
[White "Keene, Raymond D"]
[Black "Torre, Eugenio"]
[Result "0-1"]
[WhiteElo "2460"]
[BlackElo "2520"]
[PlyCount "100"]
[EventDate "1980.??.??"]
[Source "www.chesslib.no"]
[SourceDate "2004.05.04"]

1. d4 c5 2. d5 d6 3. c4 e5 4. e4 Be7 5. Nf3 Nf6 6. Nc3 O-O 7. Bd3 Ne8 8. h3 g6 9. Bh6 Ng7 10. g4 Nd7 11. Qe2 Nf6 12. O-O-O Kh8 13. Rdg1 a6 14. Bd2 Bd7 15. Nh2 b5 16. h4 h5 17. g5 Nfe8 18. f4 exf4 19. Rf1 Nc7 20. Rxf4 bxc4 21. Bb1 Nb5 22. Rhf1 Nd4 23. Qe3 Kg8 24. Ne2 Nb5 25. Qf2 Bh3 26. Rg1 Rb8 27. Rg3 Bd7 28. Rgf3 Qb6 29. Bc3 Nxc3 30. Nxc3 Be8 31. Rf6 Qb7 32. Nf1 Bb5 33. Ne3 Bxf6 34. gxf6 Ne8 35. Qg2 Bd7 36. Nxc4 Bg4 37. Rf1 Qd7 38. Qg3 Rb4 39. Bd3 Kh7 40. a3 Rb3 41. Bc2 Be2 42. Rg1 Bxc4 43. Qf3 Rxc3 44. bxc3 Rh8 45. Rg2 Bb5 46. Kd2 Qd8 47. Rf2 Bd7 48. Qf4 Bg4 49. Qg5 Nc7 50. e5 dxe5 0-1

[Event "Eksjo"]
[Site "Eksjo"]
[Date "1982.??.??"]
[Round "3"]
[White "Cebalo, Miso"]
[Black "Schussler, Harry"]
[Result "1/2-1/2"]
[WhiteElo "2495"]
[BlackElo "2485"]
[PlyCount "92"]
[EventDate "1982.08.??"]
[Source "ChessBase"]

1. d4 Nf6 2. c4 c5 3. d5 a6 4. a4 e5 5. Nc3 d6 6. e4 Be7 7. g3 Nbd7 8. h4 Rb8 9. Qc2 O-O 10. Bh3 b6 11. Kf1 Ne8 12. Kg2 Nc7 13. Qe2 Rb7 14. Nf3 Ne8 15. Ne1 Kh8 16. Nd3 Bf6 17. b4 cxb4 18. Nxb4 Nb8 19. Bxc8 Qxc8 20. Be3 Bd8 21. Rab1 Nf6 22. Rhc1 Nfd7 23. Nc2 Nc5 24. a5 Nbd7 25. Nb4 bxa5 26. Nc6 Bb6 27. Rc2 Nb8 28. Rcb2 Nxc6 29. dxc6 Qxc6 30. Bxc5 dxc5 31. Nd5 Rfb8 32. Qh5 Bd8 33. Rxb7 Rxb7 34. Rxb7 Qxb7 35. Qxe5 Qd7 36. Qb8 h6 37. Qa8 Kh7 38. f3 Bf6 39. Qxa6 a4 40. Qxf6 Qxd5 41. exd5 gxf6 42. d6 a3 43. d7 a2 44. d8=Q a1=Q 45. Qd5 Qa7 46. Kh3 Kg7 1/2-1/2

[Event "JUG-ch52"]
[Site "Niksic"]
[Date "1997.??.??"]
[Round "5"]
[White "Petronic, Jovan"]
[Black "Markovic, Miros"]
[Result "1-0"]
[WhiteElo "2455"]
[BlackElo "2520"]
[PlyCount "123"]
[EventDate "1997.??.??"]
[Source "www.chesslib.no"]
[SourceDate "2004.05.04"]

1. d4 Nf6 2. c4 c5 3. e3 g6 4. dxc5 Na6 5. a3 Nxc5 6. b4 Ne6 7. Bb2 Bg7 8. Nc3 O-O 9. Qb3 a5 10. Nf3 Qb6 11. Nd2 d6 12. Be2 axb4 13. axb4 Rxa1+ 14. Bxa1 Bd7 15. O-O Nc7 16. Bb2 Na6 17. Ba3 Be6 18. Nb5 Rc8 19. Nd4 Bg4 20. Bd3 e5 21. Nb5 Be6 22. Nc3 Nc7 23. b5 Nce8 24. Bb4 Ng4 25. h3 Nh6 26. Qa3 Qd8 27. Be4 Ra8 28. Qb3 Bc8 29. Rd1 Kh8 30. Nf3 f5 31. Bd5 g5 32. c5 g4 33. hxg4 fxg4 34. Nh2 g3 35. fxg3 Nf5 36. Nf1 Nf6 37. cxd6 Qb6 38. Ne4 Nxe4 39. Bxe4 Qxb5 40. Rd5 Qd7 41. Bc3 Nxd6 42. Qd1 Nxe4 43. Rxd7 Bxd7 44. Qxd7 Nxc3 45. Qxb7 Rf8 46. Nd2 Bh6 47. Nc4 Bg7 48. Kh2 h6 49. Nd6 Nd1 50. Nf7+ Kg8 51. Nxh6+ Kh8 52. Nf7+ Kg8 53. Nxe5 Nf2 54. Qd5+ Kh7 55. Nf3 Rf6 56. Kg1 Ng4 57. Qh5+ Nh6 58. g4 Kg8 59. g5 Rf5 60. Nh4 Re5 61. Nf3 Rf5 62. Qe8+ 1-0

[Event "Gausdal Jubilee"]
[Site "Gausdal"]
[Date "1983.??.??"]
[Round "1"]
[White "Keene, Raymond"]
[Black "Schussler, Harry"]
[Result "1/2-1/2"]
[WhiteElo "2490"]
[BlackElo "2485"]
[PlyCount "79"]
[EventDate "1983.04.??"]
[Source "ChessBase"]

1. d4 Nf6 2. c4 c5 3. d5 a6 4. a4 e5 5. Nc3 d6 6. e4 Be7 7. Be2 O-O 8. Nf3 Ne8 9. O-O Nd7 10. a5 Rb8 11. Be3 g6 12. Bh6 Ng7 13. Qd2 b6 14. axb6 Qxb6 15. Rfb1 Kh8 16. Ne1 f5 17. exf5 gxf5 18. Nd3 Qc7 19. f3 Bf6 20. Kh1 Re8 21. Rf1 Nb6 22. b3 Qe7 23. Rae1 Bd7 24. Bd1 a5 25. Nb2 Rg8 26. Bc2 Nh5 27. f4 e4 28. Bd1 Qf7 29. Bg5 Bd4 30. Ne2 Bg7 31. Nc3 Nf6 32. Re3 Qg6 33. Rg3 Ng4 34. Bxg4 fxg4 35. Re3 Rge8 36. Rfe1 Bf5 37. Nb5 Rb7 38. Na4 Nxa4 39. bxa4 Ra8 40. Bh4 1/2-1/2

[Event "Timishoara ROM"]
[Site "?"]
[Date "2006.03.24"]
[Round "7"]
[White "Milanovic Danilo"]
[Black "Manolache Marius"]
[Result "1/2-1/2"]
[WhiteElo "2486"]
[BlackElo "2488"]
[PlyCount "70"]
[EventDate "2006.??.??"]
[Source "www.chesslib.no"]
[SourceDate "2004.05.04"]

1. d4 Nf6 2. c4 c5 3. d5 g6 4. Nc3 Bg7 5. e4 d6 6. Nf3 O-O 7. h3 Na6 8. Bd3 Nc7 9. O-O e6 10. a4 Na6 11. Bg5 h6 12. Be3 Nb4 13. Bb1 e5 14. Qd2 Nh7 15. Bxh6 f5 16. Bxg7 Kxg7 17. exf5 gxf5 18. Ra3 Bd7 19. Nh2 Qf6 20. f4 e4 21. Ne2 Rae8 22. Qc3 Rg8 23. Qxf6+ Nxf6 24. Rg3+ Kh6 25. Rxg8 Rxg8 26. b3 Nh5 27. Rf2 Nd3 28. Bxd3 exd3 29. Nc1 Rg3 30. Nf1 d2 31. Nxd2 Rc3 32. Na2 Rd3 33. Nc1 Rc3 34. Na2 Rd3 35. Nc1 Rc3 1/2-1/2

[Event "Benalmadena"]
[Site "?"]
[Date "1986.??.??"]
[Round "?"]
[White "Georgadze, T."]
[Black "Illescas"]
[Result "1-0"]
[WhiteElo "2505"]
[BlackElo "2465"]
[PlyCount "67"]
[EventDate "1986.??.??"]
[Source "www.chesslib.no"]
[SourceDate "2004.05.04"]

1. d4 Nf6 2. c4 c5 3. d5 a6 4. a4 e5 5. Nc3 d6 6. g3 Be7 7. Bg2 O-O 8. a5 Ne8 9. e3 Nd7 10. Nge2 f5 11. f4 g5 12. Qc2 Ng7 13. Bd2 Rf7 14. Na4 Bf6 15. O-O-O b5 16. axb6 a5 17. Qb3 Bb7 18. e4 gxf4 19. gxf4 Ra6 20. Qb5 Nxb6 21. Nxb6 Rxb6 22. Bxa5 Rxb5 23. Bxd8 Rb4 24. Bxf6 Rxc4+ 25. Nc3 Rxf6 26. fxe5 dxe5 27. Rhg1 Kf7 28. exf5 Bc8 29. d6 Rd4 30. Bd5+ Kf8 31. Ne4 Rh6 32. f6 Ne6 33. Nxc5 Rxd1+ 34. Kxd1 1-0

[Event "YUG-chT 52nd"]
[Site "?"]
[Date "2000.08.31"]
[Round "7"]
[White "Laketic Gojko"]
[Black "Velimirovic Dragoljub"]
[Result "0-1"]
[WhiteElo "2500"]
[BlackElo "2469"]
[PlyCount "50"]
[EventDate "2000.??.??"]
[Source "www.chesslib.no"]
[SourceDate "2004.05.04"]

1. c4 g6 2. Nc3 Bg7 3. d4 c5 4. d5 Nf6 5. e4 d6 6. Nf3 e5 7. Bg5 h6 8. Bd2 O-O 9. g3 Nbd7 10. Bd3 Nh5 11. Qc1 Kh7 12. Qc2 Ndf6 13. h3 Bd7 14. O-O-O a6 15. Be3 b5 16. Nd2 Qc8 17. cxb5 axb5 18. Bxb5 Bxb5 19. Nxb5 Rxa2 20. Nxd6 Qa6 21. Qc4 Qa8 22. Bxc5 Rb8 23. Nb5 Qa5 24. b4 Qa6 25. Nd6 Qa3+ 0-1

[Event "DEN Team Ch 9900"]
[Site "?"]
[Date "1999.??.??"]
[Round "1"]
[White "Hillarp Persson Tiger"]
[Black "Hall Jesper"]
[Result "1-0"]
[WhiteElo "2482"]
[BlackElo "2486"]
[PlyCount "99"]
[EventDate "1999.??.??"]
[Source "www.chesslib.no"]
[SourceDate "2004.05.04"]

1. d4 Nf6 2. c4 c5 3. d5 a6 4. f3 e6 5. e4 exd5 6. cxd5 Bd6 7. Nd2 Bc7 8. Nc4 d6 9. a4 Nbd7 10. Ne2 Rb8 11. a5 O-O 12. Ng3 Ne5 13. Nxe5 dxe5 14. Bd2 Ne8 15. Qc2 Nd6 16. Qxc5 b6 17. Qc3 bxa5 18. Rc1 Bb6 19. Qxe5 Re8 20. Qf4 Bb7 21. Bc3 Rc8 22. Rd1 f6 23. Be2 Nb5 24. Bxb5 axb5 25. Nf5 b4 26. Bd4 Rc2 27. O-O Rxb2 28. Qg4 g6 29. Bxb6 Qxb6+ 30. Kh1 Kh8 31. Nh6 Bc8 32. Qh4 Kg7 33. d6 Bd7 34. Ng4 Re6 35. Qh6+ Kg8 36. Qc1 Rb3 37. Qc7 Qb5 38. Qd8+ Kg7 39. f4 Rc3 40. f5 Rc8 41. Qxc8 Rxe4 42. Qd8 Rxg4 43. fxg6 Rxg6 44. Qe7+ Kh6 45. Rxf6 Qc6 46. Qf8+ Kh5 47. Rxg6 hxg6 48. Qh8+ Kg5 49. h4+ Kf4 50. Qd4+ 1-0

[Event "SWE-chT 0102"]
[Site "?"]
[Date "2001.10.13"]
[Round "2"]
[White "Ivanov Sergey"]
[Black "Laveryd Peter"]
[Result "1-0"]
[WhiteElo "2556"]
[BlackElo "2410"]
[PlyCount "65"]
[EventDate "2001.??.??"]
[Source "www.chesslib.no"]
[SourceDate "2004.05.04"]

1. d4 Nf6 2. c4 c5 3. d5 a6 4. a4 e5 5. Nc3 d6 6. e4 g6 7. g3 Bg7 8. Bg2 O-O 9. Nf3 Ne8 10. O-O Nd7 11. Bd2 Rb8 12. a5 b6 13. axb6 Qxb6 14. Qe2 Nc7 15. Na4 Qa7 16. Rfb1 Na8 17. b4 Nab6 18. Nxb6 Qxb6 19. b5 Qd8 20. Qd3 axb5 21. cxb5 Nb6 22. Ra7 Ra8 23. Rxa8 Nxa8 24. b6 Qd7 25. Qa3 Bb7 26. Qa7 Rc8 27. Bh3 f5 28. Ng5 Bh6 29. Be3 Bxg5 30. Bxg5 Kg7 31. Ra1 Rf8 32. Bf1 Rf7 33. Ba6 1-0

[Event "Vejstrup"]
[Site "Vejstrup"]
[Date "1989.??.??"]
[Round "?"]
[White "Schandorff, Lars"]
[Black "Hoi, Carsten"]
[Result "1/2-1/2"]
[WhiteElo "2455"]
[BlackElo "2510"]
[PlyCount "82"]
[EventDate "1989.09.??"]
[Source "ChessBase"]

1. d4 g6 2. c4 Bg7 3. e4 c5 4. d5 d6 5. Nc3 Nf6 6. Nf3 O-O 7. h3 e5 8. Bg5 a6 9. a4 h6 10. Bd2 Nh5 11. g3 Nd7 12. Nh2 Kh7 13. Be2 Nhf6 14. h4 h5 15. Nf3 Kg8 16. Ng5 Nh7 17. g4 hxg4 18. Bxg4 Ndf6 19. Bf3 Ne8 20. Nxh7 Kxh7 21. h5 g5 22. Bg4 Bh6 23. f3 Nf6 24. Rg1 Rg8 25. Qc2 Bd7 26. Nd1 b5 27. Ne3 Nxg4 28. fxg4 bxa4 29. Rf1 f6 30. Nf5 Rb8 31. Ra3 Rf8 32. Bc3 Qc7 33. Kd2 Rf7 34. Rxa4 Bxa4 35. Qxa4 Bf8 36. Ra1 Rb6 37. Qe8 Qd7 38. Qxd7 Rxd7 39. Kc2 Ra7 40. Ra3 Rab7 41. Ra2 Rb8 1/2-1/2

[Event "JUG-ch53"]
[Site "Belgrade "]
[Date "1998.??.??"]
[Round "12"]
[White "Drasko, Milan"]
[Black "Petronic, Jovan"]
[Result "1-0"]
[WhiteElo "2515"]
[BlackElo "2450"]
[PlyCount "82"]
[EventDate "1998.03.14"]
[Source "ChessBase"]
[SourceDate "1998.06.15"]

1. d4 Nf6 2. c4 c5 3. d5 g6 4. Nf3 Bg7 5. g3 O-O 6. Bg2 d6 7. O-O b5 8. cxb5 a6 9. bxa6 Bf5 10. Nfd2 Nxa6 11. Nc3 Nb4 12. Nc4 Bc2 13. Qd2 Ng4 14. Na3 Bf5 15. h3 Nf6 16. e4 Bc8 17. Rd1 Nd7 18. Nc4 Ne5 19. Nxe5 Bxe5 20. a3 c4 21. Bf1 Nd3 22. Bxd3 cxd3 23. Qxd3 Bxh3 24. Bh6 Re8 25. Be3 Bxc3 26. Qxc3 Bg4 27. Rd4 Rc8 28. Qd3 Qd7 29. Bd2 f5 30. Re1 f4 31. Bxf4 Rf8 32. e5 dxe5 33. Rxe5 Rcd8 34. Qe3 Rf7 35. f3 Bf5 36. g4 Bb1 37. Bg5 Qb5 38. Rxe7 Rxe7 39. Bxe7 Re8 40. Qe6+ Kg7 41. Rf4 Kh6 1-0

[Event "Chess Summer GM"]
[Site "Aarhus"]
[Date "2003.07.30"]
[Round "4"]
[White "Palo, Davor"]
[Black "Fries Nielsen, Jens Ove"]
[Result "1/2-1/2"]
[WhiteElo "2510"]
[BlackElo "2453"]
[PlyCount "66"]
[EventDate "2003.07.27"]
[Source "Roberto Alvarez"]
[SourceDate "2003.08.04"]

1. d4 Nf6 2. c4 c5 3. d5 g6 4. Nc3 Bg7 5. e4 d6 6. Bd3 e5 7. Nge2 a6 8. f3 Nh5 9. Be3 f5 10. exf5 gxf5 11. Qc2 O-O 12. Ng3 Nxg3 13. hxg3 b5 14. g4 e4 15. fxe4 bxc4 16. Bxc4 Qe7 17. O-O-O fxg4 18. Rh5 Be5 19. Rdh1 Rf7 20. Qe2 Rg7 21. Rh6 Nd7 22. Re6 Qd8 23. Bh6 Rg6 24. Rxg6+ hxg6 25. Qxg4 Nf8 26. Qf3 Ra7 27. Rf1 Nh7 28. Bf4 Rf7 29. Qe3 Bxf4 30. Rxf4 Qg5 31. g3 Nf6 32. e5 Ng4 33. Qd2 Qxe5 1/2-1/2

[Event "ECC"]
[Site "Rethymnon"]
[Date "2003.10.04"]
[Round "7"]
[White "Lugovoi, Aleksei"]
[Black "Stisis, Yaacov"]
[Result "1-0"]
[WhiteElo "2566"]
[BlackElo "2397"]
[PlyCount "55"]
[EventDate "2003.09.28"]
[Source "Roberto Alvarez"]
[SourceDate "2003.10.06"]

1. d4 Nf6 2. c4 c5 3. d5 a6 4. Nc3 e5 5. e4 d6 6. Nf3 g6 7. Be2 Bg7 8. O-O O-O 9. Ne1 Ne8 10. Nd3 f5 11. Rb1 b5 12. cxb5 axb5 13. b4 fxe4 14. Nxc5 dxc5 15. bxc5 Nc7 16. d6 Ne6 17. Qd5 Ra5 18. Bxb5 Kh8 19. Nxe4 Nc7 20. dxc7 Qxd5 21. cxb8=Q Qxe4 22. Qb6 Rxa2 23. Be3 Bf5 24. Rbd1 h5 25. Bd7 Bxd7 26. Rxd7 Re2 27. c6 Rf6 28. c7 1-0

[Event "1st League TCh-SCG"]
[Site "Budva"]
[Date "2003.09.01"]
[Round "4"]
[White "Drasko, Milan"]
[Black "Velimirovic, Dragoljub"]
[Result "1/2-1/2"]
[WhiteElo "2491"]
[BlackElo "2471"]
[PlyCount "123"]
[EventDate "2003.08.29"]
[Source "Roberto Alvarez"]
[SourceDate "2003.10.27"]

1. d4 Nf6 2. c4 c5 3. d5 g6 4. Nf3 Bg7 5. g3 O-O 6. Bg2 d6 7. O-O a6 8. Nbd2 b5 9. Qc2 Nbd7 10. e4 Nb6 11. Rb1 bxc4 12. Re1 Bd7 13. Nxc4 Nbxd5 14. Qd2 Nb6 15. Na5 Ng4 16. b3 Rc8 17. Bb2 Bxb2 18. Rxb2 f6 19. Bf1 Bb5 20. Bh3 Qd7 21. a4 Bc6 22. Nxc6 Rxc6 23. a5 Na8 24. Bxg4 Qxg4 25. Qd5+ Kg7 26. Qxc6 Qxf3 27. Qxa6 Qc3 28. Ree2 Qb4 29. Qa7 Kf7 30. a6 Rb8 31. Re3 Ke8 32. Rc2 Kd8 33. Rc4 Qb6 34. Qxb6+ Nxb6 35. Rc2 Nc8 36. f4 Ra8 37. Ra2 Kd7 38. b4 c4 39. Rc3 Nb6 40. b5 f5 41. exf5 gxf5 42. Kf2 Ra7 43. Ke3 e5 44. fxe5 dxe5 45. Rd2+ Ke7 46. g4 fxg4 47. Ke4 Rc7 48. Ra2 Kd6 49. a7 Rc8 50. Ra6 Kc5 51. Rca3 Ra8 52. Kxe5 h5 53. Kf4 Kxb5 54. Kg5 c3 55. R3a5+ Kb4 56. Rxb6+ Kxa5 57. Rc6 Kb4 58. Rc7 Kb3 59. Kxh5 c2 60. Rb7+ Kc3 61. Rc7+ Kd3 62. Rd7+ 1/2-1/2

[Event "Extraliga 2004/05"]
[Site "?"]
[Date "2004.11.07"]
[Round "2"]
[White "Jedynak Radoslaw"]
[Black "Cicak Slavko"]
[Result "0-1"]
[WhiteElo "2415"]
[BlackElo "2545"]
[PlyCount "130"]
[EventDate "2004.??.??"]
[Source "www.chesslib.no"]
[SourceDate "2004.05.04"]

1. d4 Nf6 2. c4 c5 3. d5 a6 4. a4 e6 5. Nc3 Bd6 6. e4 Be5 7. Bd3 O-O 8. Nge2 d6 9. O-O Re8 10. f4 Bd4+ 11. Nxd4 cxd4 12. Ne2 exd5 13. exd5 Bg4 14. h3 Bxe2 15. Bxe2 a5 16. Bf3 Qb6 17. b3 Na6 18. Bb2 d3+ 19. Kh1 Qe3 20. Bxf6 gxf6 21. Bh5 Qg3 22. Rf3 Qh4 23. Bg4 Nb4 24. g3 Qh6 25. Rxd3 f5 26. Bxf5 Nxd3 27. Qxd3 Qg7 28. Rf1 b6 29. Be4 Ra7 30. f5 Qf6 31. Rf4 Rae7 32. Kg2 Qb2+ 33. Rf2 Qa1 34. Rf1 Qe5 35. Rf4 f6 36. h4 Kh8 37. Bf3 Qb2+ 38. Kh3 Re3 39. Qf1 Rxb3 40. Bh5 Rg8 41. Rf3 Ra3 42. Rxa3 Qxa3 43. Qf4 Rg7 44. Be8 Qa1 45. Qe4 Qf1+ 46. Kh2 Qf2+ 47. Qg2 Qxf5 48. Qe2 Qe5 49. Qxe5 fxe5 50. Kg2 Rc7 51. Bc6 Rf7 52. Be8 Rf8 53. Bh5 e4 54. Be2 Kg7 55. g4 e3 56. Kg3 Rf2 57. Bd3 h6 58. Bf5 Kf6 59. Bh7 Ra2 60. Bd3 Rxa4 61. Kf3 Ra1 62. Kxe3 Rh1 63. h5 Rh3+ 64. Kd2 Ke5 65. Bf5 Kd4 0-1

[Event "GEO-ch 62th"]
[Site "?"]
[Date "2002.06.01"]
[Round "12"]
[White "Izoria Zviad"]
[Black "Shengelia Davit"]
[Result "1-0"]
[WhiteElo "2547"]
[BlackElo "2411"]
[PlyCount "61"]
[EventDate "2002.??.??"]
[Source "www.chesslib.no"]
[SourceDate "2004.05.04"]

1. d4 c5 2. d5 d6 3. c4 Nf6 4. Nc3 g6 5. e4 b5 6. cxb5 a6 7. Nf3 Bg7 8. a4 O-O 9. Be2 axb5 10. Bxb5 Ba6 11. Bd2 Bxb5 12. axb5 Rxa1 13. Qxa1 Nbd7 14. O-O Nb6 15. Qa2 Qc7 16. Ra1 Ra8 17. Qb1 Qb8 18. Rxa8 Qxa8 19. b3 Nfd7 20. h4 Qa5 21. Qa2 Qb4 22. Qc2 Bxc3 23. Bxc3 Qxb5 24. h5 f6 25. hxg6 hxg6 26. e5 Kg7 27. exd6 exd6 28. Qe4 Ne5 29. Nh4 Qe8 30. f4 f5 31. Qd3 1-0

[Event "ECC"]
[Site "Rethymnon"]
[Date "2003.09.29"]
[Round "2"]
[White "Conquest, Stuart"]
[Black "Stisis, Yaacov"]
[Result "1-0"]
[WhiteElo "2560"]
[BlackElo "2397"]
[PlyCount "54"]
[EventDate "2003.09.28"]
[Source "Roberto Alvarez"]
[SourceDate "2003.10.06"]

1. d4 Nf6 2. c4 c5 3. d5 a6 4. Nf3 b5 5. Qc2 d6 6. e4 b4 7. a3 bxa3 8. Rxa3 g6 9. Bd2 Bg7 10. Ba5 Qd7 11. Nc3 O-O 12. Be2 Nh5 13. g3 f5 14. Ng5 Qe8 15. exf5 Bxf5 16. Bd3 Bd4 17. Bxf5 Rxf5 18. Nce4 Nf6 19. O-O Nxe4 20. Nxe4 Qf7 21. Bc3 Bxc3 22. Qxc3 Nd7 23. f4 h6 24. h4 Rf8 25. Kg2 Ne5 26. Raa1 g5 27. hxg5 hxg5 1-0

[Event "Asuncion"]
[Site "Asuncion PAR"]
[Date "1992.??.??"]
[Round "6"]
[White "Soppe, Guillermo G"]
[Black "Milos, Gilberto"]
[Result "1/2-1/2"]
[WhiteElo "2440"]
[BlackElo "2515"]
[PlyCount "34"]
[EventDate "1992.04.??"]
[Source "www.chesslib.no"]
[SourceDate "2004.05.04"]

1. d4 Nf6 2. c4 c5 3. d5 g6 4. Nc3 Bg7 5. e4 d6 6. Nf3 O-O 7. h3 Na6 8. Bd3 Nc7 9. Bg5 e5 10. Qd2 Qe8 11. g4 Bd7 12. a4 Kh8 13. Nh2 Ng8 14. O-O f5 15. f3 a5 16. exf5 gxf5 17. Kh1 Rf7 1/2-1/2

[Event "Decin"]
[Site "?"]
[Date "1979.??.??"]
[Round "13"]
[White "Uhlmann Wolfgang"]
[Black "Pribyl Josef"]
[Result "1/2-1/2"]
[WhiteElo "2530"]
[BlackElo "2420"]
[PlyCount "102"]
[EventDate "1979.??.??"]
[Source "www.chesslib.no"]
[SourceDate "2004.05.04"]

1. c4 c5 2. Nf3 Nc6 3. Nc3 e5 4. e3 d6 5. d4 Be7 6. d5 Nb8 7. e4 Nf6 8. Be2 O-O 9. O-O Ne8 10. a3 Nd7 11. Rb1 Kh8 12. b4 b6 13. Rb3 g6 14. Bh6 Ng7 15. Qd2 Nf6 16. bxc5 bxc5 17. Ne1 Ng8 18. Be3 f5 19. f3 f4 20. Bf2 Nh5 21. Nd3 Bh4 22. Qe1 Bxf2+ 23. Qxf2 Ngf6 24. Nb5 g5 25. Nxd6 Qxd6 26. Qxc5 Qxc5+ 27. Nxc5 g4 28. Nd3 Nd7 29. c5 Ba6 30. c6 Bxd3 31. Rxd3 Nc5 32. Rc3 Na4 33. Rc2 g3 34. Ba6 gxh2+ 35. Kxh2 Nb6 36. Rd1 Kg7 37. d6 Nf6 38. Rc5 Rad8 39. Rxe5 Ne8 40. d7 Nc7 41. Bb7 Nc4 42. Rg5+ Kf6 43. Rf5+ Ke7 44. Rh5 Rf7 45. Rd3 Rg8 46. Kg1 Rfg7 47. g4 fxg3 48. Rc5 Nb6 49. d8=Q+ Rxd8 50. Re5+ Kf6 51. Rf5+ Ke7 1/2-1/2

[Event "Zagreb"]
[Site "?"]
[Date "1979.??.??"]
[Round "9"]
[White "Rodriguez Vargas Orestes"]
[Black "Antunac Goran"]
[Result "0-1"]
[WhiteElo "2495"]
[BlackElo "2455"]
[PlyCount "70"]
[EventDate "1979.??.??"]
[Source "www.chesslib.no"]
[SourceDate "2004.05.04"]

1. d4 Nf6 2. c4 c5 3. e3 g6 4. dxc5 Bg7 5. Nf3 O-O 6. Be2 Na6 7. Nc3 Nxc5 8. O-O b6 9. Nd4 Bb7 10. b4 Nce4 11. Nxe4 Nxe4 12. Bb2 Rc8 13. f3 Nf6 14. Qb3 d6 15. Rfd1 Qc7 16. a4 a6 17. a5 Nd7 18. axb6 Qxb6 19. Qa3 Rc7 20. Qa5 Rfc8 21. Rdc1 Qxa5 22. Rxa5 Ne5 23. c5 dxc5 24. Rcxc5 Rxc5 25. bxc5 Nc6 26. Ra4 Nb8 27. Rb4 Ba8 28. Ba3 e6 29. Rb6 a5 30. Bb5 Bxd4 31. exd4 Nc6 32. Bb2 Nb4 33. Bd7 Rc7 34. Rb8+ Kg7 35. d5+ f6 0-1

[Event "Salamanca"]
[Site "?"]
[Date "1990.??.??"]
[Round "6"]
[White "Rodriguez, O."]
[Black "Sanz Alonso, FJ."]
[Result "1/2-1/2"]
[WhiteElo "2500"]
[BlackElo "2450"]
[PlyCount "33"]
[EventDate "1990.??.??"]
[Source "www.chesslib.no"]
[SourceDate "2004.05.04"]

1. d4 c5 2. e3 e6 3. c4 Nf6 4. Nc3 Be7 5. Nf3 O-O 6. Be2 b6 7. O-O Bb7 8. b3 d6 9. Bb2 Nbd7 10. Qc2 Rc8 11. Rad1 a6 12. Qb1 Qc7 13. e4 cxd4 14. Nxd4 Rfe8 15. Rfe1 Bf8 16. Bf1 Ne5 17. h3 1/2-1/2

[Event "Hillerod Politiken"]
[Site "Hillerod"]
[Date "1995.??.??"]
[Round "8"]
[White "Brynell, Stellan"]
[Black "Karlsson, Lars"]
[Result "1/2-1/2"]
[WhiteElo "2435"]
[BlackElo "2515"]
[PlyCount "25"]
[EventDate "1995.??.??"]
[Source "ChessBase"]

1. d4 c5 2. d5 e5 3. c4 d6 4. Nc3 Be7 5. Nf3 Nf6 6. e4 O-O 7. Bd3 Ne8 8. h3 Nd7 9. g4 g6 10. Bh6 Ng7 11. Qd2 Nf6 12. O-O-O Kh8 13. Rdg1 1/2-1/2

[Event "JUG Team Ch Cup"]
[Site "Becici"]
[Date "1994.??.??"]
[Round "?"]
[White "Petronic, Jovan"]
[Black "Nikolic, Zivoslav"]
[Result "0-1"]
[WhiteElo "2465"]
[BlackElo "2485"]
[PlyCount "175"]
[EventDate "1994.??.??"]
[Source "www.chesslib.no"]
[SourceDate "2004.05.04"]

1. d4 c5 2. e3 Nf6 3. c4 g6 4. dxc5 Na6 5. a3 Nxc5 6. b4 Ne6 7. Bb2 Bg7 8. Nc3 O-O 9. Qb3 a5 10. Nf3 d6 11. Rc1 axb4 12. axb4 Qb6 13. Nd2 Bd7 14. Be2 Rfc8 15. O-O Qd8 16. Ra1 Bc6 17. Nf3 Nd7 18. Rfd1 Rxa1 19. Rxa1 Qb6 20. Nd2 Nf6 21. h3 Qd8 22. Nf3 Nd7 23. Rd1 Qb6 24. Nd5 Bxd5 25. Rxd5 Nec5 26. Qa3 Bxb2 27. Qxb2 Nf6 28. Rd1 Na6 29. Rb1 Nb8 30. Nd4 Nc6 31. Nb5 Ra8 32. Nxd6 Ra4 33. c5 Qc7 34. Nb5 Qd7 35. Qc3 Ne4 36. Qc2 Qf5 37. Bf3 Nd2 38. Qxf5 gxf5 39. Rd1 Nxf3+ 40. gxf3 Rxb4 41. Nd4 Rc4 42. Nxf5 Rxc5 43. Nd4 Rd5 44. Rb1 Nxd4 45. exd4 b5 46. Kf1 Kf8 47. Ke2 e6 48. Ke3 Ke7 49. Ra1 Rd7 50. Ra6 Rb7 51. Kd3 b4 52. Kc2 b3+ 53. Kb2 Rb4 54. Ra3 Rxd4 55. Rxb3 Rd2+ 56. Kc3 Rxf2 57. Kd4 Rh2 58. f4 Re2 59. Kd3 Re1 60. Rb5 Kf6 61. Rh5 Kg6 62. Rg5+ Kh6 63. Rg8 f5 64. Rg3 Re4 65. Rf3 Kg6 66. Kc3 Kf6 67. Kd2 Ke7 68. Ra3 h5 69. Ra7+ Kf6 70. Rh7 Kg6 71. Re7 h4 72. Re8 Kf7 73. Rh8 Rxf4 74. Ke3 Re4+ 75. Kf3 Kf6 76. Rf8+ Ke5 77. Ra8 Rb4 78. Rh8 Kf6 79. Rh6+ Kf7 80. Rh7+ Kg6 81. Re7 Kf6 82. Rh7 e5 83. Rh5 Kg6 84. Rh8 Rb3+ 85. Kg2 Kg5 86. Rh7 e4 87. Rh8 Rb2+ 88. Kf1 0-1

[Event "URS Ch otbor"]
[Site "Norilsk"]
[Date "1987.??.??"]
[Round "?"]
[White "Shneider, Aleksandr"]
[Black "Smirin, Ilia"]
[Result "1/2-1/2"]
[WhiteElo "2470"]
[BlackElo "2480"]
[PlyCount "59"]
[EventDate "1987.08.??"]
[Source "www.chesslib.no"]
[SourceDate "2004.05.04"]

1. d4 Nf6 2. c4 c5 3. d5 g6 4. Nc3 Bg7 5. e4 d6 6. Nf3 O-O 7. h3 Na6 8. Bd3 Nc7 9. O-O e5 10. dxe6 Nxe6 11. Be2 Re8 12. Be3 b6 13. Qc2 Bb7 14. Rad1 Nxe4 15. Nxe4 Nd4 16. Nxd4 cxd4 17. Bxd4 Bxe4 18. Bd3 Bxg2 19. Kxg2 Bxd4 20. Bxg6 Qg5+ 21. Kh1 hxg6 22. Rxd4 Qf6 23. Qd3 Re6 24. b3 Rae8 25. Kg2 Re2 26. Rxd6 Qg5+ 27. Qg3 Qxg3+ 28. Kxg3 Rxa2 29. Rfd1 Rb2 30. R1d3 1/2-1/2